|
|
|
|
| LEADER |
00933nam a22002297a 4500 |
| 001 |
AAL1197 |
| 003 |
BD-DhAAL |
| 005 |
20160220095553.0 |
| 008 |
160220s 1998bg a|||| |||| 00| 0 ben d |
| 020 |
|
|
|a 9840737365
|
| 040 |
|
|
|a BD-DhAAL
|c BD-DhAAL
|
| 082 |
|
|
|2 22
|a 333.95/6
|
| 100 |
|
|
|a দাশ, বিষ্ণু
|9 18079
|
| 245 |
|
|
|a চিংড়ি চাষ ও ব্যবস্থাপনা /
|c বিষ্ণু দাশ
|n প্রথম খন্ড
|
| 260 |
|
|
|a ঢাকা :
|b বাংলা একাডেমী ,
|c ১৯৯৮
|
| 300 |
|
|
|a ১৬৬ পৃ. :
|b চিত্র ;
|c ২৪ সে.মি.
|
| 541 |
|
|
|e 1197
|
| 650 |
|
|
|a Fishery management.
|9 18080
|
| 852 |
|
|
|a Savar Campus Library
|c General Shelf
|
| 942 |
|
|
|2 ddc
|c BK
|
| 999 |
|
|
|c 36895
|d 36895
|
| 952 |
|
|
|0 0
|1 0
|2 ddc
|4 0
|6 333_950000000000000_6_DAS
|7 0
|9 58083
|a SCL
|b SCL
|c GEN
|d 2016-02-20
|g 100.00
|l 0
|o 333.956 DAS
|p 3020001197
|r 2016-02-20
|t 1
|w 2016-02-20
|y BK
|